| 000 | 02287nam0a2200373 4500 | ||
|---|---|---|---|
| 001 | RU\NLR\BIBL_A\016239940 | ||
| 005 | 20230228163710.0 | ||
| 010 |
_a978-5-7558-0665-7 _9250 |
||
| 021 |
_aRU _bКН-П-22-084526 _9КН-П-22-7461 |
||
| 035 | _a(NLR Aleph) 016239940 | ||
| 090 |
_a12794087 _c12794087 |
||
| 100 | _a20221216d2022 u y0rusy50 ca | ||
| 101 | 0 | _arus | |
| 102 | _aRU | ||
| 105 | _ac z 011zd | ||
| 181 | 0 |
_ai _baxxe |
|
| 182 | 0 | _an | |
| 200 | 1 |
_a90 лет КБГУ: люди и события _fМинистерство науки и высшего образования Российской Федерации, Федеральное государственное бюджетное образовательное учреждение высшего образования "Кабардино-Балкарский государственный университет им. Х. М. Бербекова" _gавтор-составитель: Башиева С. К. _gредакционная коллегия: Башиева С. К., доктор филологических наук, профессор (ответственный редактор) [и др.] |
|
| 203 |
_aТекст _bвизуальный _cнепосредственный |
||
| 210 |
_aНальчик _cКБГУ _d2022 |
||
| 215 |
_a189 с. _cпортр., цв. портр. _d29 |
||
| 225 | 1 |
_aСерия "Образ КБГУ в лицах" _vвып. 1 |
|
| 320 | _aБиблиогр.: с. 174-177 | ||
| 320 | _aАлф. указ.: с. 178-189 | ||
| 601 | 0 | 2 |
_aКабардино-Балкарский государственный университет им. Х.М. Бербекова _cНальчик, город _xСотрудники _92542814 _3RU\NLR\AUTH\6601718737 |
| 686 | 1 | _aЧ481.42 | |
| 686 | 1 | _aЧ484(2Р-6К)711.9Кабардино-Балкарский | |
| 702 | 1 |
_aБашиева _bС. К. _gСветлана Конакбиевна _4220 |
|
| 712 | 0 | 2 |
_4475 _aКабардино-Балкарский государственный университет им. Х. М. Бербекова _cНальчик _9344685 _3RU\NLR\AUTH\889924422 |
| 942 | _cBOOK | ||
| 980 | _aNB | ||